000 00635nam a22001817a 4500
003 UA-OsUOA
001 16314
007 ta
008 20031227b un ||||| |||| 00| 0 ukr d
100 _aДемидюк І.
942 _cSA
040 _aUA-OsUOA
_cUA-OsUOA
_dUA-OsUOA
245 _aНа коня!
_b[Про кін. спортклуб у Суську Костоппіл. р-ну розповідає тренер І Демидюк]/ Спілкувався М.Леськів
300 _aС.20
955 _a0
773 0 _w0
_tРівне вечірнє
_dРівне
_d2003
_g№74/10 жовт./
650 7 _aКінний спорт
_2UDC
999 _c302479
_d302479